00887nam a2200217 a 450000500170000000800410001704000250005804100080008308200210009110000310011224501990014326000460034230000420038850400550043065000250048565000380051065000600054870000200060870000200062870000210064820160212154012.0140305b2001 xx d |r|||| 00| 0 eng d aCO-BoIAVHcCO-BoIAVH aeng04a333.953416bL35r aLatorre García, Fernando aResults of the pilot project for botanic gardensbprinciples on access to genetic resources and benefit-sharing, common policy guidelines to assist with their implementation and explanatory text a[s. l .] :bRoyal Botanic Gardens,c2001. a83 páginas :btablas ;c30 x 21 cm. aIncluye referencias bibliográficas: página 79. 6aRecursos genéticos 6aRecursos genéticosxpolíticas 6aJardines botánicosxRecursos genéticosxpolíticas1 aWilliams, China1 aKate, Kerry ten1 aCheyne, Phyllida